Clic Distance entre Tahiti et... - Statistiques

Statistiques générales
  • Ce quiz a été pris 28 fois
  • Le résultat moyen est 2 sur 15
Statistiques - réponses
Hint Réponse % Correct
Nouméa 4700 km
45%
Paris 17100 km
30%
New York 10100 km
25%
Rio de Janeiro 10800 km
25%
Beyrouth 18100 km
20%
Apia 2400 km
15%
Auckland 3900 km
15%
Santiago du Chili 7500 km
15%
Pékin 11600 km
10%
Dakar 14900 km
10%
Sydney 5700 km
10%
Vancouver 7900 km
5%
Tokyo 8800 hm
5%
Moscou 15700 km
0%
Los Angeles 6200 km
0%
Aucun quiz correspondant
Distribution des résultats
% des personnes avec chaque résultat
Percentile par nombre de réponses
Votre historique - résultats
Vous n’avez pas pris ce quiz